| 000 | 02740cam a2200349 i 4500 | ||
|---|---|---|---|
| 003 | SA-RiAUC | ||
| 005 | 20250602100245.0 | ||
| 008 | 250524s2008 jo f b 001 0 ara c | ||
| 020 | _a9789957230708 | ||
| 024 | 0 | _a00000000985822 | |
| 040 |
_aQA-DoFIS _bara _cSA-RiAUC _dAE-DuMBRL _erda |
||
| 043 | _aa-tu--- | ||
| 050 | 4 | _b.Q23 2008 | |
| 082 | 0 | 4 |
_a346.561 _qSA-RiAUC |
| 090 |
_a346.561 _b ق ب ج |
||
| 100 | 1 |
_aالقبج، سامر مازن شريف _eمؤلف. |
|
| 245 | 1 | 0 |
_aمجلة الأحكام العدلية : _bمصادرها وأثرها في قوانين الشرق الإسلامي / _cتأليف الدكتور سامر مازن القبج. |
| 250 | _aالطبعة الأولى. | ||
| 264 | 1 |
_aعمان، الأردن : _bدار الفتح للدراسات والنشر، _c2008. |
|
| 300 |
_a374 صفحة ؛ _c24 × 17 سم |
||
| 336 |
_aنص _btxt _2rdacontent _3كتاب |
||
| 337 |
_aبدون وسيط _bn _2rdamedia |
||
| 338 |
_aمجلد _bnc _2rdacarrier |
||
| 500 | _aيشتمل على كشافات. | ||
| 504 | _aببليوجرافية : صفحة 359-368. | ||
| 520 | _aيتناول كتاب (مجلة الأحكام العدلية مصادرها وأثرها في قوانين الشرق الإسلامي) والذي قام بتأليفه د. سامر مازن القبج، موضوع (الفقه) هذه المجلة تعد من أهمٰ محاولات تقنين الفقه الإسلامي، ويظهر في ذلك أثر المذهب الحنفي بما توفر فيه من عوامل الاعتماد الرسمي لدى مؤسسة الحكم. وتأتي هذه الدراسة للتعريف بمجلة الأحكام، بدء من فكرتها وأسباب ظهورها، ثم بحثا في تصنيف موادها، وتوصيف مصادرها المختلفة، وبيان معايير الترجيح المتبعة في اختيار موادها، ومدى استقائها من المذاهب الأخرى غير الحنفي، وما وضع بعد عليها من شروح. وتناولت الدراسة تطور موقع المجلة في تشريعات الشرق الإسلامي وقوانينه، منذ وضع المجلة حتى عصرنا هذا. ثم تناولت في فصولها الأخيرة ما للمجلة من مزايا وما عليها من مآخذ، وما طرأ عليها من تعديلات. | ||
| 630 | 2 | 7 |
_aمجلة الأحكام العدلية _vدراسة حالة _2aucut |
| 650 | 7 |
_aالقانون المدني _zتركيا _xدوريات _2aucsh |
|
| 942 |
_2ddc _cBOOK _n0 |
||
| 949 |
_aSA-JeALM _d250524 _umohamedma123 _n1 |
||
| 999 |
_c8659 _d8659 |
||